Przekraczanie granic #3 - Statystyki

Ogólne statystyki
  • Ten quiz został rozwiązany 475 razy
  • Średni wynik to 21 z 25
Statystyki odpowiedzi
Zaczynasz w Kierunek Państwo % Poprawnych
Łotwa Północ Estonia
96%
Irlandia Wschód Wielka Brytania
96%
Chile Wschód Argentyna
95%
Tunezja Wschód Libia
92%
Haiti Wschód Dominikana
91%
Gujana Francuska Zachód Surinam
91%
Wenezuela Wschód Gujana
90%
Mauretania Północ Maroko
90%
Liechtenstein Zachód Szwajcaria
90%
Bośnia i Hercegowina Północ Chorwacja
89%
Uzbekistan Wschód Tadżykistan/Kirgistan
89%
Czarnogóra Południe Albania
87%
Jordania Północ Syria
87%
Kirgistan Północ Kazachstan
86%
Belize Zachód Gwatemala
83%
Azerbejdżan Południe Iran
79%
Ekwador Południe Peru
77%
Indonezja Wschód Papua Nowa Gwinea
75%
Kongo Wschód Demokratyczna Republika Konga
74%
Kuwejt Zachód Irak
72%
Rwanda Południe Burundi
71%
Dżibuti Północ Erytrea
71%
Gwinea Równikowa Południe Gabon
70%
Czad Południe Republika Środkowoafrykańska
60%
Sierra Leone Południe Liberia
58%
Nie znaleziono quizów pasujących do podanych kryteriów
Rozkład punktacji
Procent ludzi z każdym wynikiem
Percentyl według liczby udzielonych odpowiedzi
Twoja historia wyników
Nie rozwiązałeś tego quizu